Que arco tocaram essas aberturas em One Piece? - Statistics

Estatísticas Gerais
  • Esse quiz foi jogado 8 vezes
  • A pontuação média é 21 de 28
Estatísticas das Respostas
Aberturas: Arcos: % Correto
Abertura 17(Wake Up!) Dressrosa
86%
Abertura 18(Hard Knock Days) Dressrosa
86%
Abertura 26(UUUUUS!) Egghead
86%
Abertura 27(Tenshi para Akuma) Egghead
86%
Abertura 28(Carmine) Egghead
86%
Abertura 6(Brand New World) Enies Lobby
86%
Abertura 7(We Are!) Enies Lobby
86%
Abertura 8(Crazy Rainbow) Enies Lobby até Pós Enies lobby
86%
Abertura 2(Belive) Loguetown até Alabasta
86%
Abertura 22(OVER THE TOP) País de Wano
86%
Abertura 23(DREAMIN' ON) País de Wano
86%
Abertura 24(PAINT) País de Wano
86%
Abertura 25(Saiko Totatsuten) País de Wano
86%
Abertura 11(Share the World!) Sabaody até Impel Down
86%
Abertura 9(Jungle P) Thriller Bark
86%
Abertura 10(We Are!) Thriller Bark
86%
Abertura 20(Hope) Whole Cake
86%
Abertura 19(We Can!) Zou até Whole Cake
86%
Abertura 3(Hikari e) Alabasta até Skypiea
71%
Abertura 12(Kaze o Sagashite) Impel Down até Marineford
71%
Abertura 5(Kokoro no chizu) Long Ring Long Land até Water Seven
71%
Abertura 1(We Are!) Romance Dawn até Arlong Park
71%
Abertura 4(Bon Voyage!) Skypiea
71%
Abertura 15(We Go!) Ilha dos Homens-Peixe até Punk Hazard
57%
Abertura 16(Hands Up!) Punk Hazard
57%
Abertura 13(One Day) Marineford até Pós Guerra
43%
Abertura 14(Fight Together) Pós Guerra
43%
Abertura 21(Super Powers) Whole Cake até Devaneio
0%
Nenhum quiz correspondente encontrado
Distribuição das Pontuações
Porcentagem de Pessoas com Cada Pontuação
Percentil de Números Respondidos
Sua Pontuação Histórica
Você não jogou esse quiz